Considérations sur la constitution des Duchés de Brabant et de Limbourg, et des autres provinces des Pays-Bas autrichiens, lues dans l'Assemblée Générale des états de Brabant, le 23 mai 1787

Detalles Bibliográficos
Formato: Libro
Lenguaje:Undetermined
French
Publicado: [s.l. : s.n.], 1787.
Materias:
Colección:Banco de datos
Acervo:Biblioteca Palafoxiana. Colección bibliográfica
Descripción Física:32 p. ; 4°
Tema general:Historia civil
Notas:Número de localización: 31998-G Encuadernado con 13 obras
LEADER 00636nam a2200157Ia 4500
008 150723s9999 xx 000 0 und d
041 0 |a fre 
050 0 |a PAFX HB75 C6 
245 1 0 |a Considérations sur la constitution des Duchés de Brabant et de Limbourg, et des autres provinces des Pays-Bas autrichiens, lues dans l'Assemblée Générale des états de Brabant, le 23 mai 1787 
260 |a [s.l. : s.n.], 1787. 
300 |a 32 p. ; 4° 
500 |a Número de localización: 31998-G Encuadernado con 13 obras 
650 1 0 |a Historia civil 
942 |c PALALIB 
943 |g Biblioteca Palafoxiana. Colección bibliográfica 
999 |c 1063103  |d 1063103